Elenca la formazione - Quiz n°143 - Statistics

Statistiche generali
  • Questo quiz è stato fatto 52 volte
  • Il punteggio medio è 10 su 11
Statistiche sulle risposte
Ruolo Nazione Calciatore % Corretto
Difensore Italia Alessandro Bastoni
96%
Portiere Camerun André Onana
96%
Attaccante Bosnia ed Erzegovina Edin Džeko
96%
Difensore Italia Francesco Acerbi
96%
Attaccante Argentina Lautaro Martínez
96%
Centrocampista Italia Nicolò Barella
96%
Centrocampista Paesi Bassi Denzel Dumfries
92%
Centrocampista Croazia Marcelo Brozović
92%
Difensore Italia Matteo Darmian
92%
Centrocampista Italia Federico Dimarco
90%
Centrocampista Turchia Hakan Çalhanoğlu
90%
Nessun quiz corrispondente trovato
Distribuzione punteggi
Percentuale di utenti per punteggio
Percentile per numero di risposta
I tuoi punteggi nel tempo
Non hai fatto questo quiz